Biblioteca

Rojo y negro / Stendhal ; Emma Catalayud, Traductor (Registro nro. 42314)

Detalles MARC
000 -LÍDER
Campo fijo de descripción fija 004190000a22001570004500
041 0# - CÓDIGO DE IDIOMA
Código de idioma para texto/pista de sonido o título separado
082 04 - NÚMERO DE CLASIFICACIÓN DECIMAL DEWEY
Número de clasificación G 843.71 S8254r
001 - NÚMERO DE CONTROL
Campo de control 13333
100 1# - ASIENTO PRINCIPAL--NOMBRE PERSONAL
Nombre personal Stendhal
245 10 - TÍTULO
Título del Material Rojo y negro / Stendhal ; Emma Catalayud, Traductor
260 ## - PUBLICACIÓN, DISTRIBUCIÓN, ETC. (PIE DE IMPRENTA)
Lugar de publicación, distribución, etc. Bogotá : Oveja Negra
300 ## - DESCRIPCIÓN FÍSICA
Extensión 572 Pag
500 ## - NOTA GENERAL
Nota General Título original : Le rouge et le noir
942 ## - TIPO DE MATERIAL (KOHA)
Tipo de Item KOHA Libros General
Existencias
Estado de Material Estado de Perdido Estado de Dañado No para Préstamo Colección Tomo Biblioteca de Origen Biblioteca Permanente Fecha de Adquisición Total de Préstamos Signatura Topográfica Código de Barras Última vez visto Ejemplar/Existencia Fecha de Remplazo Tipo de Material
        Colección General   Biblioteca FUSBC Biblioteca FUSBC 03/11/2005   G 843.71 S8254r 11345 12/12/2019 1 26/01/2016 Libros General

Biblioteca FUSBC | Teléfono: (57+4) 349 88 10 Ext. 141| WhatsApp (+57) 3005338115 
E-mail: biblioteca@unisbc.edu.co | Calle 76 87-14 Robledo Palenque, Medellín, Colombia

Con tecnología Koha